Statistics for Countries Closest to Europe - One Minute Sprint

Click here to take the quiz!

General Stats

  • This quiz has been taken 59 times
  • The average score is 16 of 20

Answer Stats

kmcountrymiles% Correct
14Morocco9
100%
70Tunisia44
96%
153Algeria95
92%
363Egypt225
92%
0Georgia0
90%
0Turkey0
90%
392Cyprus243
88%
341Libya212
88%
0Azerbaijan0
86%
625Syria388
84%
110Armenia69
82%
725Israel451
80%
713Lebanon443
78%
789Jordan490
76%
0Kazakhstan0
76%
511Iraq318
67%
165Iran103
61%
615Uzbekistan382
49%
321Turkmenistan199
47%
970Saudi Arabia602
45%

Score Distribution

Percentile by Number Answered

Percent of People with Each Score

Your Score History

You have not taken this quiz